One more time: what makes a manager? (Record no. 85336)

000 -LEADER
fixed length control field 01027pab a2200169 454500
008 - FIXED-LENGTH DATA ELEMENTS--GENERAL INFORMATION
fixed length control field 180718b2009 xxu||||| |||| 00| 0 eng d
100 ## - MAIN ENTRY--PERSONAL NAME
Personal name Sharma, Baldev R.
245 ## - TITLE STATEMENT
Title One more time: what makes a manager?
260 ## - PUBLICATION, DISTRIBUTION, ETC.
Date of publication, distribution, etc. 2009
300 ## - PHYSICAL DESCRIPTION
Extent p.203-12.
362 ## - DATES OF PUBLICATION AND/OR SEQUENTIAL DESIGNATION
Dates of publication and/or sequential designation Oct
520 ## - SUMMARY, ETC.
Summary, etc. Based on his two empirical studies of MBA students, one carried out in 1973-74 and the other in 2007-08, the author has tried to answer the question as to what makes a manager. The findings show that entry into a management institute is loaded in favour of the urban rich and against the rural poor. The reasons for this inequity lie in the type of schooling, medium of instruction, education of parents, and father's occupation, on the one hand, and admission procedures, on the other. The policy implications of these findings are discussed in terms of the role of academicians as well as academic administration. - Reproduced.
650 ## - SUBJECT ADDED ENTRY--TOPICAL TERM
Topical term or geographic name entry element Managers
773 ## - HOST ITEM ENTRY
Main entry heading Indian Journal of Industrial Relations
908 ## - PUT COMMAND PARAMETER (RLIN)
Put command parameter N
909 ## -
-- 85336
Holdings
Withdrawn status Lost status Damaged status Not for loan Permanent Location Current Location Date acquired Serial Enumeration / chronology Barcode Date last seen Price effective from Koha item type
        Indian Institute of Public Administration Indian Institute of Public Administration 2018-07-19 Volume no: 45, Issue no: 2 AR85796 2018-07-19 2018-07-19 Articles

Powered by Koha